000 00382nam a22001577a 4500
005 20251108172409.0
008 250721s1983 xx 000 0 eng d
082 1 4 _aJ/F/BLY
100 1 _aBlyton, Enid
245 1 0 _aFive on a treasure Island /
264 1 _aLondon :
_bHodder & Stoughton,
_c1983.
300 _a184 p.
650 1 7 _aFiction
942 _2ddc
_cBK
999 _c78219
_d78219